[Event "HZ Chess Tournament 2023"]
[Site "Vlissingen, Netherlands"]
[Date "2023.08.07"]
[Round "4.30"]
[White "Duson, Robin"]
[Black "Kliashtornyi, Arkadii"]
[Result "1/2-1/2"]
[WhiteElo "2140"]
[BlackElo "1975"]
[PlyCount "56"]

1. d4 d5 2. c4 c6 3. Nf3 Nf6 4. e3 a6 5. Bd3 Bg4 6. Nbd2 e6 7. b3 Nbd7 8. Bb2
Bd6 9. O-O Qc7 10. h3 Bh5 11. Qe2 O-O 12. Rac1 Rfe8 13. e4 dxe4 14. Nxe4 Nxe4
15. Bxe4 f5 16. Bb1 e5 17. c5 e4 18. cxd6 Qxd6 19. Qc4+ Bf7 20. Qc3 exf3 21.
Qxf3 g6 22. d5 Bxd5 23. Qc3 Qe5 24. Qd2 Qe2 25. Qd4 Qe5 26. Qd2 Qe2 27. Qd4 Qe5
28. Qd2 Qe2 1/2-1/2

[Event "HZ Chess Tournament 2023"]
[Site "Vlissingen, Netherlands"]
[Date "2023.08.07"]
[Round "4.31"]
[White "Van de Braak, Joey"]
[Black "Krasenkowa, Elena"]
[Result "0-1"]
[WhiteElo "1899"]
[BlackElo "2137"]
[PlyCount "62"]

1. Nf3 Nf6 2. c4 c5 3. g3 g6 4. Bg2 Nc6 5. O-O Bg7 6. Nc3 d6 7. d4 cxd4 8. Nxd4
Bd7 9. h3 O-O 10. Be3 Qc8 11. Nxc6 bxc6 12. Kh2 Rb8 13. Qd2 Qa6 14. b3 Rfe8 15.
Rad1 Qa5 16. Bd4 Qa3 17. e4 c5 18. Be3 Qb4 19. Kg1 a5 20. f4 Ng4 21. hxg4 Bxc3
22. Qe2 a4 23. f5 axb3 24. axb3 Qxb3 25. f6 Be6 26. g5 Bxc4 27. Qf2 Bxf1 28.
Rxf1 Be5 29. Kh1 Qb2 30. Qf3 Rb3 31. fxe7 Rxe7 0-1

[Event "HZ Chess Tournament 2023"]
[Site "Vlissingen, Netherlands"]
[Date "2023.08.07"]
[Round "4.32"]
[White "Boelhouwer, Collin"]
[Black "Klein, Jorik"]
[Result "1-0"]
[WhiteElo "2134"]
[BlackElo "1927"]
[PlyCount "87"]

1. e4 c5 2. Nf3 d6 3. d4 cxd4 4. Qxd4 Nc6 5. Bb5 Bd7 6. Qd3 g6 7. c4 Bg7 8. O-O
Nf6 9. Nc3 O-O 10. h3 a6 11. Bxc6 Bxc6 12. Nd4 Rc8 13. Be3 Nd7 14. Rac1 Ne5 15.
Qe2 Bd7 16. b3 Nc6 17. Rfd1 Nxd4 18. Bxd4 Bxd4 19. Rxd4 Qb6 20. Rcd1 Bc6 21.
Nd5 Bxd5 22. exd5 Rfe8 23. Re4 Qd8 24. Re1 Rc7 25. Qd2 Kg7 26. Rh4 Rh8 27. Qh6+
Kg8 28. Rhe4 b5 29. cxb5 axb5 30. Qe3 Kf8 31. Qb6 Kg7 32. Qxb5 Re8 33. Qd3 Qa8
34. a4 Rc5 35. Rd1 Ra5 36. Rc4 e6 37. dxe6 Rxe6 38. Qc3+ Kh6 39. Rh4+ Rh5 40.
Rxh5+ gxh5 41. a5 Rg6 42. Qd2+ Kg7 43. Qd5 Qb8 44. a6 1-0

[Event "HZ Chess Tournament 2023"]
[Site "Vlissingen, Netherlands"]
[Date "2023.08.07"]
[Round "4.33"]
[White "Skutta, Bernd"]
[Black "Maters, Arthur"]
[Result "0-1"]
[WhiteElo "1892"]
[BlackElo "2131"]
[PlyCount "98"]

1. d4 d5 2. Nf3 Nf6 3. c4 e6 4. g3 c6 5. Bg2 dxc4 6. Ne5 b5 7. a4 Nd5 8. O-O a6
9. e4 Nf6 10. d5 Bd7 11. Bg5 Qc7 12. Bxf6 gxf6 13. Nxd7 Nxd7 14. dxe6 fxe6 15.
Qh5+ Ke7 16. axb5 cxb5 17. e5 Ra7 18. exf6+ Nxf6 19. Qh4 Kf7 20. Nc3 Bg7 21.
Ne4 Nxe4 22. Qh5+ Ke7 23. Bxe4 Qe5 24. Qf3 Rf8 25. Qe3 Qd4 26. Qa3+ Qd6 27. Qe3
Bd4 28. Qg5+ Bf6 29. Qe3 Qd4 30. Qa3+ Kf7 31. Bxh7 Kg7 32. Rad1 Qxb2 33. Qe3
Raf7 34. Qe4 Qe5 35. Qg6+ Kh8 36. Rfe1 Qg5 37. h4 Qxg6 38. Bxg6 Rg7 39. h5 b4
40. Rxe6 b3 41. Rxa6 Rxg6 42. hxg6 c3 43. Rc6 Kg7 44. Rd7+ Kxg6 45. Rb7 b2 46.
Rbb6 Kg7 47. Rb4 Bd4 48. Kf1 Be5 49. Ke2 Rb8 0-1

[Event "HZ Chess Tournament 2023"]
[Site "Vlissingen, Netherlands"]
[Date "2023.08.07"]
[Round "4.34"]
[White "Sparenberg, Erik"]
[Black "Van Egmond, Tom"]
[Result "1/2-1/2"]
[WhiteElo "2128"]
[BlackElo "1899"]
[PlyCount "76"]

1. e4 c5 2. Nf3 d6 3. c3 Nf6 4. Be2 g6 5. O-O Bg7 6. Re1 O-O 7. Bf1 e5 8. d4
cxd4 9. cxd4 exd4 10. Nxd4 d5 11. e5 Ng4 12. Bf4 Re8 13. Bb5 Bd7 14. Bxd7 Qxd7
15. e6 fxe6 16. Qxg4 e5 17. Qf3 Nc6 18. Nxc6 exf4 19. Ne7+ Rxe7 20. Rxe7 Qxe7
21. Qxd5+ Qf7 22. Qxf7+ Kxf7 23. Nc3 Bxc3 24. bxc3 Rc8 25. Rc1 Ke6 26. Kf1 Kd5
27. Ke2 Kc4 28. Kf3 g5 29. h4 h6 30. hxg5 hxg5 31. Kg4 Rc5 32. Rh1 b5 33. Rh5
Kxc3 34. Rxg5 Rxg5+ 35. Kxg5 Kb2 36. Kxf4 Kxa2 37. g4 b4 38. g5 b3 1/2-1/2

[Event "HZ Chess Tournament 2023"]
[Site "Vlissingen, Netherlands"]
[Date "2023.08.07"]
[Round "4.35"]
[White "Hazenberg, Frans"]
[Black "Vandevenne, Sander"]
[Result "0-1"]
[WhiteElo "1891"]
[BlackElo "2125"]
[PlyCount "53"]

1. d4 e6 2. c4 d5 3. Nf3 Nf6 4. g3 g6 5. Bg2 Bg7 6. O-O O-O 7. Nc3 c6 8. b3 b6
9. Bb2 Ba6 10. cxd5 exd5 11. Re1 Nbd7 12. Rc1 Rc8 13. e3 Qe7 14. Nd2 Rfd8 15.
e4 dxe4 16. Ncxe4 Nxe4 17. Bxe4 Qd6 18. Nc4 Bxc4 19. bxc4 c5 20. Bd5 Bxd4 21.
Bxd4 cxd4 22. Re4 Nf6 23. Rxd4 Kg7 24. Rc2 Rc5 25. Rcd2 Qe5 26. Re2 Qh5 27. Bg2
0-1

[Event "HZ Chess Tournament 2023"]
[Site "Vlissingen, Netherlands"]
[Date "2023.08.07"]
[Round "4.36"]
[White "Hekhuis, Jeroen"]
[Black "De Man, Luuk"]
[Result "1/2-1/2"]
[WhiteElo "2123"]
[BlackElo "1889"]
[PlyCount "49"]

1. Nf3 Nf6 2. d4 g6 3. g3 Bg7 4. Bg2 d5 5. O-O O-O 6. c4 c6 7. b3 dxc4 8. bxc4
c5 9. Bb2 cxd4 10. Nxd4 Qb6 11. Qb3 Nfd7 12. e3 Nc5 13. Qxb6 axb6 14. Nc3 Na4
15. Rfb1 Nxc3 16. Bxc3 Ra4 17. Rxb6 Rxc4 18. Bb2 e5 19. Nf3 Re8 20. Nd2 Rc2 21.
Ne4 Nd7 22. Rb5 Re6 23. Ba3 Ra6 24. Rb3 Nf6 25. Rb2 1/2-1/2

[Event "HZ Chess Tournament 2023"]
[Site "Vlissingen, Netherlands"]
[Date "2023.08.07"]
[Round "4.37"]
[White "Finkenflugel, Renzo"]
[Black "Juergens, Florian"]
[Result "1/2-1/2"]
[WhiteElo "2113"]
[BlackElo "1874"]
[PlyCount "67"]

1. e4 c5 2. b4 cxb4 3. a3 e6 4. d4 d5 5. e5 Nc6 6. axb4 Bxb4+ 7. c3 Be7 8. Qg4
g6 9. h4 h5 10. Qg3 Nh6 11. Bd3 Nf5 12. Bxf5 exf5 13. Ne2 Be6 14. Ba3 a5 15.
Nf4 b5 16. Bxe7 Qxe7 17. Na3 Rb8 18. Qd3 Na7 19. Nc2 b4 20. Rxa5 bxc3 21. O-O
O-O 22. Qxc3 Rfc8 23. Qd3 Nc6 24. Nxd5 Bxd5 25. Rxd5 Qxh4 26. Rd6 Nd8 27. Ne3
Ne6 28. Nd5 Nf4 29. Nxf4 Qxf4 30. Qa6 Rc1 31. Rxg6+ fxg6 32. Qxg6+ Kh8 33. Qf6+
Kg8 34. Qg6+ 1/2-1/2

[Event "HZ Chess Tournament 2023"]
[Site "Vlissingen, Netherlands"]
[Date "2023.08.07"]
[Round "4.38"]
[White "Arnold, Rhys"]
[Black "Vos de Wael, Alexander"]
[Result "1/2-1/2"]
[WhiteElo "2098"]
[BlackElo "1760"]
[PlyCount "149"]

1. e4 c6 2. Nc3 d5 3. Nf3 Bg4 4. h3 Bxf3 5. Qxf3 e6 6. Be2 Bc5 7. O-O Nd7 8.
exd5 cxd5 9. Rd1 Ne7 10. d4 Bd6 11. Bf4 Bxf4 12. Qxf4 O-O 13. Bd3 Nc6 14. a3 a6
15. Ne2 b5 16. c3 Nb6 17. Ng3 Nc4 18. Rab1 a5 19. Nh5 b4 20. axb4 axb4 21. Qg4
g6 22. Nf4 Qf6 23. Re1 Ra2 24. Bxc4 dxc4 25. Qf3 Ne7 26. Re5 Rb8 27. cxb4 Rxb4
28. Qc3 Rb3 29. Qxc4 Rbxb2 30. Rxb2 Rxb2 31. Nd3 Rb1+ 32. Kh2 Nd5 33. Qc2 Ra1
34. Qd2 Kg7 35. Ne1 Qf4+ 36. Qxf4 Nxf4 37. g3 Nd5 38. Nf3 Rd1 39. Re2 Rd3 40.
Kg2 h5 41. Rb2 Kf6 42. Rb7 Rd1 43. Ra7 Rd3 44. Rxf7+ Kxf7 45. Ne5+ Kf6 46. Nxd3
Nc3 47. Kf3 g5 48. Nc5 Nd5 49. Ke4 Nc3+ 50. Kd3 Nd5 51. Nd7+ Kf5 52. Ne5 Kf6
53. Nc4 Nb4+ 54. Ke4 Nd5 55. Ne3 Nc3+ 56. Kd3 Nb5 57. Ke4 Nd6+ 58. Kd3 Nb5 59.
Nd1 Kf5 60. Ke3 Kf6 61. Nb2 Nc3 62. Nc4 Nd5+ 63. Kf3 Nc3 64. Ne5 Nb5 65. Ke3
Nc3 66. Nf3 Nd1+ 67. Ke2 Nc3+ 68. Kd2 Ne4+ 69. Ke3 Nc3 70. g4 h4 71. Ne1 Nd5+
72. Ke4 Nf4 73. Nd3 Nxh3 74. Ke3 Ng1 75. f3 1/2-1/2

[Event "HZ Chess Tournament 2023"]
[Site "Vlissingen, Netherlands"]
[Date "2023.08.07"]
[Round "4.39"]
[White "Fischer, Gert"]
[Black "Emans, Job"]
[Result "0-1"]
[WhiteElo "1890"]
[BlackElo "2084"]
[PlyCount "96"]

1. Nf3 Nf6 2. g3 e6 3. Bg2 d5 4. O-O Be7 5. d3 c5 6. Nbd2 Nc6 7. e4 O-O 8. Re1
b5 9. e5 Nd7 10. h4 Qc7 11. Qe2 Bb7 12. Nf1 Rfe8 13. Bf4 Qb6 14. N1h2 f6 15.
Bh3 Ncxe5 16. Nxe5 Nxe5 17. Bxe5 fxe5 18. Qxe5 Bf6 19. Bxe6+ Kh8 20. Qf5 Bxb2
21. Rab1 Bc3 22. Re2 Rf8 23. Qg4 Rf6 24. Bd7 b4 25. Re6 Rxe6 26. Bxe6 Rf8 27.
Bd7 Qf6 28. f3 Qa6 29. Bf5 g6 30. Be6 Qxa2 31. Rf1 Qxc2 32. Qg5 Qxd3 33. Qe7
Qd4+ 34. Kg2 Qg7 35. Qxc5 d4 36. Ng4 d3 37. Bd5 Bxd5 38. Qxd5 d2 39. Nf2 Qc7
40. Ne4 Rd8 41. Qb3 a5 42. Ng5 Re8 43. Qd5 Qe7 44. Ne4 a4 45. Qc6 Qe5 46. Qxa4
Rd8 47. Qb3 Qd4 48. Ng5 d1=Q 0-1

[Event "HZ Chess Tournament 2023"]
[Site "Vlissingen, Netherlands"]
[Date "2023.08.07"]
[Round "4.40"]
[White "Loef, Dirk"]
[Black "Boittin, Pascal"]
[Result "1-0"]
[WhiteElo "2082"]
[BlackElo "1686"]
[PlyCount "62"]

1. e4 c5 2. Nc3 Nc6 3. f4 g6 4. Nf3 Bg7 5. Bc4 e6 6. e5 d6 7. exd6 Qxd6 8. Ne4
Qe7 9. d3 Nh6 10. Be3 b6 11. Bf2 Nf5 12. g4 Nfd4 13. c3 Nxf3+ 14. Qxf3 Bd7 15.
h4 f5 16. Ng5 fxg4 17. Qxg4 e5 18. f5 Bxf5 19. Qg2 Rc8 20. O-O-O h6 21. Ne4 Rf8
22. Be3 Kd7 23. Bb5 Kd8 24. Nxc5 bxc5 25. Bxc6 Qd6 26. Be4 Rf7 27. Rhf1 Bf8 28.
h5 Rf6 29. hxg6 Rxg6 30. Qf3 Rf6 31. Bxf5 Rc7 1-0

[Event "HZ Chess Tournament 2023"]
[Site "Vlissingen, Netherlands"]
[Date "2023.08.07"]
[Round "4.41"]
[White "Van Batenburg, Mees"]
[Black "Rebreyend, Christophe"]
[Result "1-0"]
[WhiteElo "2080"]
[BlackElo "1660"]
[PlyCount "69"]

1. e4 c5 2. Nf3 d6 3. d4 cxd4 4. Nxd4 Nf6 5. Nc3 g6 6. Be3 Bg7 7. f3 O-O 8. Qd2
Nc6 9. O-O-O d5 10. exd5 Nxd5 11. Nxc6 bxc6 12. Bd4 Bxd4 13. Qxd4 Qa5 14. Nxd5
cxd5 15. Qxd5 Qc7 16. Qxa8 Bf5 17. Qxf8+ Kxf8 18. Bd3 Be6 19. a3 Qe5 20. Kb1
Qd5 21. b3 Qb7 22. Rhe1 Bxb3 23. cxb3 Qxb3+ 24. Kc1 Qc3+ 25. Bc2 Qa1+ 26. Kd2
Qxa3 27. Re3 Qd6+ 28. Ke2 Qxh2 29. Kf2 h5 30. Rd8+ Kg7 31. Rd7 Qh4+ 32. Kg1 Qc4
33. Rexe7 Qxc2 34. Rxf7+ Kh6 35. f4 1-0

[Event "HZ Chess Tournament 2023"]
[Site "Vlissingen, Netherlands"]
[Date "2023.08.07"]
[Round "4.42"]
[White "Van der Pluijm, Dik"]
[Black "Van Houtte, Randy"]
[Result "0-1"]
[WhiteElo "1885"]
[BlackElo "2079"]
[PlyCount "120"]

1. c4 e5 2. g3 c5 3. Bg2 Nc6 4. Nc3 d6 5. a3 a5 6. Nf3 g6 7. O-O Bg7 8. d3 Nge7
9. Ne1 O-O 10. Nc2 Nd4 11. Ne3 Rb8 12. Bd2 Bd7 13. Ned5 Nxd5 14. Nxd5 a4 15.
Bc3 Nb3 16. Rb1 b5 17. Qc2 bxc4 18. dxc4 Bf5 19. Be4 Bc8 20. Rbd1 f5 21. Bg2
Ba6 22. Ne3 f4 23. Bd5+ Kh8 24. Ng2 Qe7 25. Nh4 Bf6 26. Ng2 g5 27. Kh1 Bc8 28.
Rg1 Bd7 29. Ne1 Rbe8 30. e3 fxe3 31. fxe3 Bg4 32. Bf3 Bd7 33. Bd5 g4 34. Ng2
Bg5 35. Rgf1 Be6 36. Qe2 Bxd5 37. cxd5 h5 38. Qc4 Qa7 39. Kg1 Rf3 40. Qe4 Ref8
41. Rxf3 gxf3 42. Nh4 Bxh4 43. Qxh4 f2+ 44. Kg2 Qf7 45. Qf4 Qg7 46. Qe4 Qf7 47.
Qf4 Qg7 48. Qe4 Qf6 49. Rf1 c4 50. h4 Nc5 51. Qf4 exf4 52. Bxf6+ Rxf6 53. Rxf2
Ne4 54. Rxf4 Rxf4 55. gxf4 c3 56. bxc3 Nxc3 57. Kf3 Nb5 58. e4 Nxa3 59. e5 Nb5
60. e6 Kg7 0-1

[Event "HZ Chess Tournament 2023"]
[Site "Vlissingen, Netherlands"]
[Date "2023.08.07"]
[Round "4.43"]
[White "Snijders, Frans"]
[Black "Lacrosse, Marc"]
[Result "0-1"]
[WhiteElo "1873"]
[BlackElo "2063"]
[PlyCount "80"]

1. e4 e5 2. Nf3 Nc6 3. Bb5 a6 4. Ba4 Nf6 5. O-O Nxe4 6. d4 b5 7. Bb3 d5 8. Nc3
Nxc3 9. bxc3 e4 10. Ng5 Bf5 11. f3 e3 12. f4 Qd7 13. a4 Rd8 14. axb5 axb5 15.
Qe2 f6 16. Nf3 Nb8 17. Qxe3+ Kf7 18. Re1 c6 19. Nh4 Bd6 20. Nxf5 Qxf5 21. Qd3
Qd7 22. Ba3 Bxa3 23. Rxa3 Rhe8 24. Rea1 Kg8 25. Ra7 Qe6 26. f5 Qd6 27. Qg3 Qxg3
28. hxg3 Kf8 29. Kf2 Re7 30. Rxe7 Kxe7 31. Re1+ Kd6 32. Ba2 Rd7 33. c4 dxc4 34.
c3 Re7 35. Rh1 h6 36. Bb1 Nd7 37. Kf3 Nb6 38. Be4 Ra7 39. Re1 Ra3 40. Re3 Na4
0-1

[Event "HZ Chess Tournament 2023"]
[Site "Vlissingen, Netherlands"]
[Date "2023.08.07"]
[Round "4.44"]
[White "Bon, Gijs"]
[Black "Bazilius, Augustinas"]
[Result "0-1"]
[WhiteElo "1787"]
[BlackElo "2052"]
[PlyCount "156"]

1. e4 c5 2. Nf3 Nc6 3. d4 cxd4 4. Nxd4 Nf6 5. Nc3 d6 6. Bb5 Bd7 7. Bg5 e6 8. f4
Qb6 9. Bxf6 gxf6 10. Nce2 Rg8 11. g3 e5 12. Bxc6 bxc6 13. Nb3 Qe3 14. Qd3 Qxd3
15. cxd3 d5 16. Rc1 Rb8 17. fxe5 fxe5 18. Nc3 Be6 19. Nd1 dxe4 20. dxe4 Bxb3
21. axb3 Rg6 22. O-O Rxb3 23. Rf5 Re6 24. Rh5 h6 25. Rc2 Rb4 26. Nf2 Bg7 27.
Kg2 Rd6 28. Kf3 Rb3+ 29. Ke2 Rd4 30. g4 Rdb4 31. Rxc6 Rxb2+ 32. Kf3 R4b3+ 33.
Kg2 Rd2 34. Rf5 f6 35. Re6+ Kd7 36. Ra6 Rb7 37. Rf3 Ke7 38. Rfa3 Rdd7 39. Nd3
Rdc7 40. R3a4 Kf7 41. Ra2 Kg8 42. Nf2 Kh7 43. Kh3 Kg6 44. Kh4 Rd7 45. Nh1 Bf8
46. Ng3 Bc5 47. Rc6 Rbc7 48. Re6 Re7 49. Rea6 Bb6 50. Nf5 Red7 51. R6a3 Rc4 52.
Ng3 Rdc7 53. Rd3 Rc2 54. Rd2 Rxa2 55. Rxa2 Rc4 56. Ra6 Rc2 57. Kh3 Bg1 58. Nf1
Re2 59. Ra4 Bd4 60. Ng3 Rc2 61. Ra6 Rc1 62. Nh5 Bb6 63. Kg2 Rg1+ 64. Kf3 Kg5
65. h3 Kh4 66. Ke2 Rg2+ 67. Kf1 Rh2 68. Ke1 Rh1+ 69. Ke2 Kg5 70. Ra3 Rc1 71.
Ng7 Rc2+ 72. Ke1 Kf4 73. Nh5+ Kg5 74. Ng7 Rc6 75. Rf3 Rc4 76. Rf5+ Kg6 77. Ne8
Rxe4+ 78. Kf1 Rf4+ 0-1

[Event "HZ Chess Tournament 2023"]
[Site "Vlissingen, Netherlands"]
[Date "2023.08.07"]
[Round "4.45"]
[White "Bakker, Jouke"]
[Black "De Jonge, Elano"]
[Result "1-0"]
[WhiteElo "2051"]
[BlackElo "1619"]
[PlyCount "65"]

1. d4 Nf6 2. c4 g6 3. g3 Bg7 4. Bg2 c6 5. e4 d5 6. e5 Nfd7 7. cxd5 cxd5 8. Bxd5
Nb6 9. Bg2 Nc6 10. Ne2 Be6 11. Nbc3 Nd5 12. Ne4 Qc8 13. Ng5 Ncb4 14. Nxe6 Qxe6
15. a3 Nc6 16. O-O Rd8 17. Qa4 O-O 18. Rd1 Nb6 19. Qc2 Qc4 20. Qxc4 Nxc4 21. f4
f6 22. b3 N4a5 23. Be3 fxe5 24. fxe5 Nxb3 25. Rab1 Nba5 26. Nf4 Bh6 27. Bd5+ e6
28. Bxe6+ Kg7 29. Ba2 Bxf4 30. gxf4 Ne7 31. d5 Nf5 32. Bxa7 Nh4 33. Rf1 1-0

[Event "HZ Chess Tournament 2023"]
[Site "Vlissingen, Netherlands"]
[Date "2023.08.07"]
[Round "4.46"]
[White "De Witte, Sjoerd"]
[Black "Kindt, Manfred"]
[Result "0-1"]
[WhiteElo "1400"]
[BlackElo "2045"]
[PlyCount "85"]

1. d4 Nf6 2. c4 g6 3. Nc3 d5 4. Nf3 Bg7 5. Qb3 dxc4 6. Qxc4 O-O 7. e4 a6 8. Be2
b5 9. Qb3 c5 10. dxc5 Nc6 11. O-O Be6 12. Qd1 b4 13. e5 Nd7 14. Ne4 Ndxe5 15.
Nxe5 Bxe5 16. Ng5 Bd5 17. Bf3 Nd4 18. Bxd5 Qxd5 19. Be3 Rfd8 20. Qg4 h5 21. Qe4
Rac8 22. Bxd4 Qxe4 23. Nxe4 Bxd4 24. Rfd1 Bxb2 25. Rab1 Rxd1+ 26. Rxd1 Kf8 27.
Kf1 Ke8 28. Rd2 Bc3 29. Rc2 f5 30. Nxc3 Rxc5 31. Ke2 bxc3 32. Kd3 Kd7 33. f4
Kd6 34. Rxc3 Rxc3+ 35. Kxc3 Kd5 36. Kb4 Ke4 37. g3 h4 38. Ka5 h3 39. Kxa6 Kf3
40. Kb6 Kg2 41. a4 Kxh2 42. a5 Kxg3 43. Kb7 0-1

[Event "HZ Chess Tournament 2023"]
[Site "Vlissingen, Netherlands"]
[Date "2023.08.07"]
[Round "4.47"]
[White "Manshanden, Nick"]
[Black "Loechner, Mark"]
[Result "1-0"]
[WhiteElo "2040"]
[BlackElo "1607"]
[PlyCount "125"]

1. Nf3 c5 2. g3 g6 3. Bg2 Bg7 4. c4 Nc6 5. Nc3 Nf6 6. d4 cxd4 7. Nxd4 O-O 8.
Nc2 b6 9. O-O Bb7 10. b3 d6 11. Bb2 Rb8 12. e4 a6 13. Nd5 e5 14. Ba3 Nxd5 15.
cxd5 Na7 16. Bb2 a5 17. Qe2 Qd7 18. a4 Qc8 19. Rfc1 Ba6 20. Qd2 Qd7 21. b4 b5
22. axb5 Rxb5 23. Bf1 Rb6 24. Rxa5 Bxf1 25. Rxf1 Nb5 26. Rfa1 h5 27. Qe3 Rb7
28. Ra8 Rxa8 29. Rxa8+ Kh7 30. Qd3 h4 31. Ra6 h3 32. Rc6 Na7 33. Rc4 Qa4 34. g4
Qa2 35. Bc1 Kg8 36. Rc3 Qb1 37. Qe3 f5 38. exf5 gxf5 39. gxf5 Bf6 40. Qd2 Rh7
41. Rg3+ Kf8 42. Rg6 Kf7 43. Ne3 Rh4 44. Ng4 Bg7 45. Rg5 Qe4 46. Rxg7+ Kf8 47.
Nf6 Qxf5 48. Rxa7 Rg4+ 49. Nxg4 Qxg4+ 50. Kf1 Qg2+ 51. Ke1 Qg1+ 52. Ke2 Qg4+
53. f3 Qg2+ 54. Kd3 Qxf3+ 55. Kc2 Qe4+ 56. Kb2 Ke8 57. Rc7 Kd8 58. Rc6 Kd7 59.
Qc3 Qg2+ 60. Ka3 Qxd5 61. Rc7+ Ke8 62. Qxh3 Qa8+ 63. Kb2 1-0

[Event "HZ Chess Tournament 2023"]
[Site "Vlissingen, Netherlands"]
[Date "2023.08.07"]
[Round "4.48"]
[White "Aarts, Joaquin"]
[Black "Boeren, Jurriaan"]
[Result "0-1"]
[WhiteElo "1628"]
[BlackElo "2039"]
[PlyCount "84"]

1. d4 d5 2. c4 e6 3. Nc3 Nf6 4. cxd5 exd5 5. Bg5 Be7 6. e3 O-O 7. Bd3 Re8 8.
Qc2 h6 9. Bh4 Nbd7 10. Nge2 c6 11. O-O Nh5 12. Bxe7 Qxe7 13. a3 a5 14. Rae1 Nf8
15. Na4 Qd8 16. Nc1 Nf6 17. Nc5 b6 18. Na4 Bd7 19. Kh1 Ne6 20. Ne2 Rb8 21. Ng3
Qc7 22. Nc3 c5 23. Nb5 Qc6 24. dxc5 bxc5 25. a4 c4 26. Bf5 Qb6 27. Bxe6 fxe6
28. b3 Bxb5 29. axb5 Qxb5 30. bxc4 dxc4 31. Rb1 Qc6 32. Qc3 a4 33. Ne2 Ne4 34.
Qc2 Rxb1 35. Rxb1 Nxf2+ 36. Kg1 Nd3 37. Ra1 Qe4 38. Rxa4 Qxe3+ 39. Kh1 Nf2+ 40.
Kg1 Nh3+ 41. Kh1 Rf8 42. Qc1 Qxc1+ 0-1

[Event "HZ Chess Tournament 2023"]
[Site "Vlissingen, Netherlands"]
[Date "2023.08.07"]
[Round "4.49"]
[White "De Kruik, Yorick"]
[Black "Nieuwelink, Kees"]
[Result "0-1"]
[WhiteElo "1810"]
[BlackElo "2165"]
[PlyCount "116"]

1. e4 e5 2. Nf3 Nc6 3. Bb5 a6 4. Ba4 Nf6 5. O-O Nxe4 6. d4 b5 7. Bb3 d5 8. dxe5
Be6 9. Be3 Be7 10. Nbd2 Nc5 11. c3 Qd7 12. Bc2 Bg4 13. Bf4 Rd8 14. h3 Bh5 15.
Nb3 Ne6 16. Bf5 Bg6 17. Bxe6 fxe6 18. Nfd4 Nb8 19. Qg4 Kf7 20. Bg5 c5 21. Bxe7
Qxe7 22. Nxc5 Qxc5 23. Nxe6 Qc8 24. Nxd8+ Rxd8 25. Qg5 Nc6 26. Rae1 Qe6 27. f4
Be4 28. Re3 Kg8 29. Rg3 Rd7 30. Qh5 Rf7 31. Qd1 h6 32. Qd2 Qf5 33. Re3 Nxe5 34.
g4 Nxg4 35. hxg4 Qxg4+ 36. Kh2 Rxf4 37. Rg3 Qh5+ 38. Rh3 Rh4 39. Qe3 Rxh3+ 40.
Qxh3 Qe2+ 41. Kg3 Qxb2 42. Kf4 Qxa2 43. Qc8+ Kh7 44. Ke5 Qh2+ 45. Kd4 Qd2+ 46.
Ke5 Qh2+ 47. Kd4 Qe2 48. Rf8 Qc4+ 49. Qxc4 bxc4 50. Ra8 h5 51. Ke5 h4 52. Kf4
h3 53. Kg3 Bg2 54. Rxa6 g6 55. Rf6 Kh6 56. Rf4 Kg5 57. Rd4 Kf5 58. Rg4 h2 0-1

[Event "HZ Chess Tournament 2023"]
[Site "Vlissingen, Netherlands"]
[Date "2023.08.07"]
[Round "4.50"]
[White "Lucas, Fred"]
[Black "Baarslag, Ed"]
[Result "0-1"]
[WhiteElo "1805"]
[BlackElo "2086"]
[PlyCount "78"]

1. c4 e6 2. Nc3 d5 3. cxd5 exd5 4. d4 c6 5. Bf4 Bd6 6. Bg3 Ne7 7. e4 dxe4 8.
Nxe4 Bb4+ 9. Nc3 O-O 10. Nf3 Bg4 11. Be2 Nf5 12. O-O Bxf3 13. Bxf3 Nxd4 14. Be4
Ne6 15. Qc2 h6 16. Rfd1 Qa5 17. a3 Be7 18. b4 Qh5 19. Bf3 Qg6 20. Qxg6 fxg6 21.
Be2 Kh7 22. Ne4 a5 23. Bc4 Nf4 24. Nc5 axb4 25. Nd7 Nxd7 26. Rxd7 Bf6 27. Rad1
b5 28. axb4 bxc4 29. Bxf4 Rfd8 30. Rxd8 Rxd8 31. Rxd8 Bxd8 32. Kf1 g5 33. Be5
Kg6 34. g4 Bf6 35. Bxf6 Kxf6 36. Ke2 Ke5 37. Ke3 Kd5 38. h3 Ke5 39. Kd2 Kd4 0-1

[Event "HZ Chess Tournament 2023"]
[Site "Vlissingen, Netherlands"]
[Date "2023.08.07"]
[Round "4.51"]
[White "Van de Breevaart, Rick"]
[Black "Duchene, Rene"]
[Result "1-0"]
[WhiteElo "1779"]
[BlackElo "2085"]
[PlyCount "62"]

1. e4 c5 2. Nf3 Nc6 3. d4 cxd4 4. Nxd4 Nf6 5. Nc3 e6 6. a3 d5 7. exd5 exd5 8.
Bb5 Bd7 9. O-O Be7 10. Re1 O-O 11. Bf4 Rc8 12. Be2 Nxd4 13. Qxd4 Bc5 14. Qd3
Qb6 15. Bg3 d4 16. Ne4 Nxe4 17. Qxe4 Rfe8 18. Qh4 Bf5 19. Bg4 Be6 20. Bxe6 Rxe6
21. Rxe6 Qxe6 22. Qf4 Bb6 23. Qd2 h6 24. h3 Qg6 25. Qd3 Rxc2 26. Qf3 Rxb2 27.
Kh2 Qc6 28. Qf5 g6 29. Qe5 Rb3 30. Re1 Kh7 31. Qb8 Bc5 1-0

[Event "HZ Chess Tournament 2023"]
[Site "Vlissingen, Netherlands"]
[Date "2023.08.07"]
[Round "4.52"]
[White "Kuiper, Willem"]
[Black "Van der Zalm, Marnix"]
[Result "0-1"]
[WhiteElo "1775"]
[BlackElo "2083"]
[PlyCount "71"]

1. e4 d6 2. d4 Nf6 3. Nc3 g6 4. Nf3 Bg7 5. h3 a6 6. a3 O-O 7. Be3 b5 8. Be2 Bb7
9. Nd2 e5 10. dxe5 dxe5 11. Bf3 Nbd7 12. b4 Nb6 13. O-O Re8 14. Qc1 Nfd7 15.
Nb3 Nc4 16. Nc5 Nxe3 17. Nxb7 Qc8 18. Qxe3 Qxb7 19. Rad1 Nb6 20. Be2 c6 21. g4
a5 22. Nb1 Bf8 23. c3 axb4 24. axb4 Na4 25. Rd2 Rad8 26. Rfd1 Qc7 27. Rxd8 Rxd8
28. Rxd8 Qxd8 29. Qd3 Qg5 30. Kg2 Qc1 31. Bd1 Nb2 32. Qc2 Qxd1 33. Qxb2 Bh6 34.
c4 bxc4 35. Na3 Qb3 36. Qc1 0-1

[Event "HZ Chess Tournament 2023"]
[Site "Vlissingen, Netherlands"]
[Date "2023.08.08"]
[Round "5.2"]
[White "Dardha, Daniel"]
[Black "Pfreundt, Jakob"]
[Result "1-0"]
[WhiteElo "2598"]
[BlackElo "2427"]
[PlyCount "113"]

1. e4 c5 2. Nf3 e6 3. d4 cxd4 4. Nxd4 Nf6 5. Nc3 Nc6 6. Nxc6 bxc6 7. e5 Nd5 8.
Ne4 Bb7 9. c4 Nb4 10. c5 Qb8 11. f4 Ba6 12. a3 Bxf1 13. Rxf1 Nd5 14. Rf3 Qb5
15. Qd4 f5 16. Nd6+ Bxd6 17. exd6 O-O 18. Bd2 Rf6 19. Kf2 Rg6 20. a4 Qb8 21.
Raa3 Qd8 22. Kg1 Nf6 23. b4 a6 24. Be1 Nd5 25. h3 Rb8 26. Rab3 Qf6 27. Qe5 h6
28. Rb1 Kh7 29. Kh2 Qd8 30. Qe2 Ra8 31. Bf2 Nf6 32. Bd4 Ne4 33. Rbb3 Qh4 34. g3
Qd8 35. Rfe3 Nf6 36. Qf3 Rb8 37. Re2 Qe8 38. Be5 h5 39. Qd3 Ra8 40. Rg2 Rh6 41.
Qf3 Ng4+ 42. Kg1 Nxe5 43. fxe5 g5 44. h4 Qd8 45. hxg5 Qxg5 46. Qf4 Rg6 47. b5
axb5 48. axb5 cxb5 49. Qxg5 Rxg5 50. Rxb5 Ra1+ 51. Kh2 Rc1 52. Rb7 Rg7 53. Rc7
Rc3 54. Rd2 Kh6 55. c6 Rcxg3 56. cxd7 R3g4 57. d8=Q 1-0

[Event "HZ Chess Tournament 2023"]
[Site "Vlissingen, Netherlands"]
[Date "2023.08.08"]
[Round "5.3"]
[White "Grochal, Joey"]
[Black "Ter-Sahakyan, Samvel"]
[Result "0-1"]
[WhiteElo "2280"]
[BlackElo "2604"]
[PlyCount "62"]

1. d4 Nf6 2. c4 e6 3. Nf3 Bb4+ 4. Bd2 a5 5. g3 d5 6. Qc2 O-O 7. Bg2 Be7 8. O-O
c6 9. Rd1 Nbd7 10. Bg5 h6 11. Bxf6 Bxf6 12. Nbd2 a4 13. e4 Qa5 14. Rab1 Rd8 15.
Nf1 dxc4 16. Qxc4 e5 17. dxe5 Nxe5 18. Rxd8+ Qxd8 19. Nxe5 Bxe5 20. b3 axb3 21.
Qxb3 Be6 22. Qd1 Qxd1 23. Rxd1 c5 24. Rb1 Rxa2 25. Rxb7 Bd4 26. Ne3 Ra1+ 27.
Nf1 c4 28. e5 c3 29. Be4 g6 30. Rc7 Bh3 31. Bd3 Ra2 0-1

[Event "HZ Chess Tournament 2023"]
[Site "Vlissingen, Netherlands"]
[Date "2023.08.08"]
[Round "5.4"]
[White "Ghazarian, Kirk"]
[Black "Rodriguez Fontecha, Marcos"]
[Result "1/2-1/2"]
[WhiteElo "2469"]
[BlackElo "2309"]
[PlyCount "94"]

1. d4 d5 2. c4 c6 3. Nf3 Nf6 4. e3 g6 5. Nc3 Bg7 6. Be2 O-O 7. O-O a6 8. a4 a5
9. cxd5 cxd5 10. b3 Nc6 11. Ba3 Bf5 12. Rc1 Rc8 13. Bd3 Re8 14. Bxf5 gxf5 15.
Qd3 Ne4 16. Nb5 Qd7 17. Rc2 Kh8 18. Rfc1 f6 19. Qe2 Bh6 20. Ne1 f4 21. Qh5 fxe3
22. f3 Bg5 23. fxe4 dxe4 24. Qe2 Qd5 25. Rc5 Qg8 26. R1c4 Rcd8 27. Bc1 e5 28.
d5 Nb4 29. Bxe3 b6 30. Bxg5 Qxg5 31. Rc7 Nxd5 32. Ra7 f5 33. Qf2 Nf4 34. Rc3
Rd3 35. Rxd3 exd3 36. Kf1 Rd8 37. Nf3 Qf6 38. Nd2 Nd5 39. Nc7 Rc8 40. Ra8 Rxa8
41. Nxa8 e4 42. Nc4 Qa1+ 43. Qe1 Qd4 44. Qh4 Qa1+ 45. Qe1 Qd4 46. Qh4 Qa1+ 47.
Qe1 Qd4 1/2-1/2

[Event "HZ Chess Tournament 2023"]
[Site "Vlissingen, Netherlands"]
[Date "2023.08.08"]
[Round "5.5"]
[White "Wagenvoorde, Guido"]
[Black "Ikonnikov, Vyacheslav"]
[Result "0-1"]
[WhiteElo "2104"]
[BlackElo "2467"]
[PlyCount "46"]

1. d4 Nf6 2. c4 g6 3. Nc3 Bg7 4. e4 d6 5. Be2 Nbd7 6. Nf3 e5 7. O-O O-O 8. Re1
Re8 9. Bf1 c6 10. h3 exd4 11. Nxd4 Nc5 12. Qc2 a5 13. Nf3 Nfxe4 14. Nxe4 Rxe4
15. Rxe4 Bf5 16. Nd2 Nxe4 17. Nxe4 d5 18. cxd5 cxd5 19. Bf4 Bxe4 20. Qb3 a4 21.
Qg3 a3 22. Be5 axb2 23. Bxg7 Kxg7 0-1